[Event "Crema op 09th"]
[Site "Crema"]
[Date "2007.09.07"]
[Round "2"]
[White "Martino, Antonio M"]
[Black "Ferrero, Oscar"]
[Result "1-0"]
[WhiteElo "2005"]
[BlackElo "1726"]
[PlyCount "99"]
[EventDate "2007.09.07"]
[EventType "swiss"]
[EventRounds "6"]
[EventCountry "ITA"]
[SourceTitle "EXT 2009"]
[Source "ChessBase"]
[SourceDate "2008.11.26"]
[SourceVersion "1"]
[SourceVersionDate "2008.11.26"]
[SourceQuality "1"]

1. c4 e5 2. Nc3 d6 3. g3 g6 4. Bg2 Bg7 5. d3 c6 6. e4 f5 7. Nge2 Nf6 8. 0-0 0-0 9. h3 Na6 10. Be3 Be6 11. b3 Qd7 12. Kh2 Nc7 13. d4 b6 14. dxe5 dxe5 15. Qxd7 Bxd7 16. Rad1 Rf7 17. Rd2 Re8 18. Rfd1 h6 19. f4 exf4 20. Bxf4 Ne6 21. e5 Nxf4 22. gxf4 Ree7 23. exf6 Bxf6 24. Na4 Kg7 25. c5 bxc5 26. Nxc5 Be8 27. Nd4 Bh4 28. Re2 Rxe2 29. Nxe2 Re7 30. Nd4 Re3 31. Nf3 Bf6 32. Re1 Rxe1 33. Nxe1 Kf7 34. Ned3 g5 35. Kg3 Ke7 36. Ne5 Kd6 37. Ncd3 gxf4+ 38. Kxf4 Bg5+ 39. Kxf5 Bd7+ 40. Nxd7 Kxd7 41. Ne5+ Kc7 42. Nxc6 Kb6 43. Ke6 a5 44. a4 h5 45. Kd5 h4 46. Ne5 Bf4 47. Nc4+ Ka6 48. Kc6 Bg3 49. Nb6 Be1 50. Nc8 1-0

[Event "Nichelino op 6th"]
[Site "Nichelino"]
[Date "2005.10.07"]
[Round "2"]
[White "Ferrero, Oscar"]
[Black "Parodi, Alessandro"]
[Result "0-1"]
[WhiteElo "1744"]
[BlackElo "1910"]
[PlyCount "84"]
[EventDate "2005.10.06"]
[EventType "swiss"]
[EventRounds "6"]
[EventCountry "ITA"]
[SourceTitle "EXT 2007"]
[Source "ChessBase"]
[SourceDate "2006.11.23"]
[SourceVersion "1"]
[SourceVersionDate "2006.11.23"]
[SourceQuality "1"]

1. e4 d6 2. g3 g6 3. Bg2 Bg7 4. c3 e5 5. d3 Ne7 6. f4 0-0 7. Nf3 c5 8. Na3 Nbc6 9. 0-0 exf4 10. Bxf4 d5 11. Re1 h6 12. Nc2 Be6 13. Kh1 g5 14. Bc1 dxe4 15. dxe4 Qxd1 16. Rxd1 Rad8 17. Be3 b6 18. a3 Bb3 19. Rxd8 Rxd8 20. Nce1 Na5 21. Nd2 Nec6 22. Nxb3 Nxb3 23. Rb1 Ne5 24. Bf1 c4 25. Be2 Bf8 26. Rd1 Rxd1 27. Bxd1 Bc5 28. Bxc5 Nxc5 29. Bc2 Ned3 30. Nxd3 cxd3 31. Bd1 Nxe4 32. Kg1 Nd2 33. a4 Nc4 34. Bb3 Nxb2 35. Kf2 d2 36. Ke2 d1Q+ 37. Bxd1 Nxd1 38. Kxd1 f5 39. Ke2 Kf7 40. Ke3 Ke6 41. Kd4 Kd6 42. h4 a6 0-1

[Event "Crema op 05th"]
[Site "Crema"]
[Date "2003.09.07"]
[Round "5"]
[White "Pancioni, Marco"]
[Black "Ferrero, Oscar"]
[Result "1-0"]
[WhiteElo "1597"]
[BlackElo "1611"]
[PlyCount "87"]
[EventDate "2003.09.05"]
[EventType "swiss"]
[EventRounds "6"]
[EventCountry "ITA"]
[SourceTitle "EXT 2007"]
[Source "ChessBase"]
[SourceDate "2006.11.23"]
[SourceVersion "1"]
[SourceVersionDate "2006.11.23"]
[SourceQuality "1"]

1. d4 f5 2. c4 Nf6 3. Nc3 e6 4. Nf3 Bb4 5. Bd2 Bxc3 6. Bxc3 Ne4 7. Qc2 Nxc3 8. Qxc3 Qf6 9. Rc1 c5 10. e3 b6 11. Be2 Bb7 12. 0-0 0-0 13. dxc5 Qxc3 14. Rxc3 bxc5 15. Rd1 d5 16. cxd5 Bxd5 17. Ne5 Rc8 18. Rdc1 c4 19. Bxc4 Bxc4 20. Rxc4 Rxc4 21. Rxc4 Na6 22. a3 Rd8 23. g3 Re8 24. Rc6 Nb8 25. Rc7 a6 26. b4 Kf8 27. Nc6 Nxc6 28. Rxc6 Ra8 29. Rxe6 Kf7 30. Rb6 Ra7 31. Kg2 a5 32. b5 a4 33. Ra6 Rb7 34. Rxa4 Rxb5 35. Rb4 Rxb4 36. axb4 Ke6 37. Kf3 Kd5 38. Kf4 g6 39. Kg5 Kc4 40. Kh6 Kxb4 41. Kxh7 g5 42. Kg6 f4 43. exf4 gxf4 44. gxf4 1-0